Guess the 1960s song lyrics #269 - Statistics

General Stats
  • This quiz has been taken 14 times
  • The average score is 71 of 101
Answer Stats
Answer % Correct
a
100%
be
90%
I
90%
When
90%
will
90%
every
80%
loved
80%
to
80%
been
70%
Been
70%
down
70%
Everly Brothers
70%
It
70%
I've
70%
my
70%
She
70%
time
70%
always
60%
breaks
60%
cheated
60%
girl
60%
happens
60%
heart
60%
in
60%
pushed
60%
round
60%
that
60%
for
50%
mine
50%
mistreated
50%
new
50%
two
50%
want
50%
blue
30%
lied
30%
made
30%
met
20%
turned
10%
No matching quizzes found
Score Distribution
Percent of People with Each Score
Percentile by Number Answered
Your Score History
You have not taken this quiz